Slow Down - Chase Atlantic - Statistics

General Stats
  • This quiz has been taken 18 times
  • The average score is 274 of 369
Answer Stats
Answer % Correct
I
100%
a
93%
do,
93%
down
93%
down,
93%
down)
93%
(down)
93%
I'm
93%
in
93%
is
93%
it
93%
me
93%
me,
93%
me?
93%
Tell
93%
to
93%
baby,
87%
baby
87%
go,
87%
slow
87%
Slow
87%
(slow
87%
you
87%
you,
87%
you're
87%
You're
87%
But
80%
but
80%
if
80%
know
80%
on
80%
the
80%
about
73%
And
73%
babe
73%
babe,
73%
don't
73%
it's
73%
It's
73%
like
73%
ready
73%
said,
73%
She
73%
that
73%
what
73%
feeling
67%
"Fuck
67%
girl
67%
girl,
67%
got
67%
heavy
67%
how
67%
I'll
67%
"No
67%
no,
67%
now
67%
so
67%
too
67%
up
67%
up,
67%
all
60%
already
60%
famous"
60%
floating
60%
have
60%
late
60%
let
60%
"Okay"
60%
show
60%
way"
60%
yeah
60%
yeah,
60%
(yeah)
60%
(Yeah)
60%
coming
53%
ever
53%
pillow,
53%
see
53%
this
53%
wanna
53%
been
47%
bottle
47%
buried
47%
loud
47%
bed,
40%
blow
40%
burning
40%
edge
40%
Finish
40%
further
40%
I've
40%
listen
40%
listen,
40%
little
40%
little?"
40%
money
40%
my
40%
Oh
40%
oh,
40%
Oh,
40%
phased,
40%
Push
40%
red
40%
some
40%
then
40%
Waste
40%
we'll
40%
"Won't
40%
Won't
40%
for
33%
two-faced,
33%
Crawl
27%
Drugs
27%
heard
27%
system
27%
days,
20%
foreign
20%
gotta
20%
vanity,
20%
rollin'
13%
ooh
7%
No matching quizzes found
Score Distribution
Percent of People with Each Score
Percentile by Number Answered
Your Score History
You have not taken this quiz